Banderas Aleatorias de las Provincias de España - Estadísticas

Estadísticas generales
  • Esta prueba ha sido intentada 399 veces
  • La puntuación promedio es 4 de 10
Estadísticas de respuestas
Bandera / Provincia % Correcto
Madrid
95%
Asturias
90%
La Rioja
82%
Tarragona
77%
Navarra
76%
Cantabria
71%
Murcia
68%
Gerona
65%
Málaga
56%
León
56%
Valladolid
54%
Islas Baleares
50%
Granada
50%
Barcelona
49%
Zaragoza
44%
Sevilla
41%
Segovia
38%
Huelva
37%
Lérida
35%
Pontevedra
35%
Toledo
35%
Burgos
32%
Ávila
31%
Cádiz
29%
Jaén
28%
Almería
27%
Lugo
27%
Ourense
25%
Soria
25%
Huesca
23%
Cáceres
21%
Cuenca
19%
Guadalajara
19%
Albacete
19%
Córdoba
16%
Salamanca
13%
Badajoz
13%
Ciudad Real
12%
Palencia
9%
Teruel
7%
Álava
0%
Guipúzcoa
0%
Vizcaya
0%
No se encontraron pruebas coincidentes
Distribución de puntuación
Porcentaje de gente con cada puntuación
Porcentaje por número respondido
Historial de tus puntuaciones
No has intentado esta prueba.